000
00288nam a2200121Ia 4500
008
241002s9999 xx 000 0 und d
082
_a
808.81 MIN
100
_a
Minn, Hochi
245
4
_a
The Prison Diary of Hochi Minh
260
_a
New York:
_c
1971
600
_a
Literature
942
_c
UC
999
_c
18847
_d
18847